| 000 -CABECERA |
| Longitud fija campo de control |
02398cam a2200301 i 4500 |
| 001 - NÚMERO DE CONTROL |
| Número de control |
991061160074806706 |
| 003 - IDENTIFICADOR DEL NÚMERO DE CONTROL |
| Identificador del número de control |
OSt |
| 005 - FECHA Y HORA DE LA ÚLTIMA TRANSACCIÓN |
| Fecha y hora de la última transacción |
20240828113913.0 |
| 008 - CÓDIGOS DE INFORMACIÓN DE LONGITUD FIJA |
| Códigos de información de longitud fija |
240715e202405 spc 000 0 spa c |
| 017 ## - NÚMERO DE COPYRIGHT O DE DEPÓSITO LEGAL |
| Número de copyright o de depósito legal |
DL B 8606-2024 |
| Agencia que asigna el número |
Biblioteca de Catalunya |
| 020 ## - NÚMERO INTERNACIONAL NORMALIZADO PARA LIBROS |
| Número Internacional Normalizado para Libros (ISBN) |
9788410328051 |
| 040 ## - FUENTE DE LA CATALOGACIÓN |
| Centro catalogador de origen |
ES-TaURV |
| Lengua de catalogación |
cat |
| Normas de descripción |
rda |
| Centro transcriptor |
CDMR |
| 245 03 - MENCIÓN DE TÍTULO |
| Título |
El mapa de la crisis ambiental en España : |
| Resto del título |
conflictos en la transición ecológica y sus soluciones / |
| Mención de responsabilidad, etc. |
Antonio Cerrillo (coordinador) |
| 264 #1 - PRODUCCIÓN, PUBLICACIÓN , DISTRIBUCIÓN, FABRICACIÓN Y COPYRIGHT |
| Lugar de producción, publicación, distribución, fabricación |
[Vilassar de Dalt] : |
| Nombre del productor, editor, distribuidor, fabricante |
Icaria Editoral, |
| Fecha de de producción, publicación, distribución, fabricación o copyright |
2024 |
| 300 ## - DESCRIPCIÓN FÍSICA |
| Extensión |
253 pàgines ; |
| Dimensiones |
23 cm |
| 490 1# - MENCIÓN DE SERIE |
| Mención de serie |
Antrazyt ; |
| Designación de volumen o secuencia |
543. Ecología |
| 505 8# - NOTA DE CONTENIDO CON FORMATO |
| Nota de contenido con formato |
Conté: Doñana / José Bejarano – Mar menor / Miguel Ángel Ruiz – La lucha a contrarreloj del delta del Ebro para no quedar sepultado por las aguas / Esteve Giralt – El dilema de la ampliación del aeropuerto y la protección del delta del Llobregat / David Guerrero – Ciudades adaptadas al cambio climático, propuestas y resistencias / Antonio Cerrillo – El derecho a un aire limpio en calles y plazas / Carlos Fresneda – La región de Barcelona se asoma al abismo con sequías repetidas y amenazantes / Guillem Costa, Antonio Cerrillo – La vulnerabilidad del río Tajo por su trasvase al sudeste / Valle Sánchez – La España vacía se llena de parques eólicos / Antonio Cerrillo – El impacto del boom de las macrogranjas / Raúl Rejón – Los intentos de unir estaciones de esquí a través de un valle virgen del Pirineo aragonés / Ismael Arana – Cómo reinventar el paisaje rural para sobreponerse a los fuegos / Pedro Cáceres – Obras costeras fuera de norma en un territorio vulnerable / Marta Montojo – Balsas de fosfoyesos / José María Montero Sandoval – La minería de metal / Rosa M. Tristán – Los tres fracasos de los residuos municipales / A.C. – El aullido de la manada / Rosa M. Tristán – El oso pardo sale de la UCI / María García de la Fuente – Agricultura y conservación de las aves / Javier Rico |
| 650 #7 - PUNTO DE ACCESO ADICIONAL DE MATERIA - TÉRMINO DE MATERIA |
| Término de materia o nombre geográfico como elemento inicial |
Canvis climàtics |
| Subdivisión geográfica |
Espanya. |
| Fuente del encabezamiento o término |
lemac |
| 650 #0 - PUNTO DE ACCESO ADICIONAL DE MATERIA - TÉRMINO DE MATERIA |
| Término de materia o nombre geográfico como elemento inicial |
Periodisme científic |
| Subdivisión geográfica |
Espanya |
| 9 (RLIN) |
2804 |
| 650 #0 - PUNTO DE ACCESO ADICIONAL DE MATERIA - TÉRMINO DE MATERIA |
| Término de materia o nombre geográfico como elemento inicial |
Mitjans de comunicació de massa i medi ambient |
| Subdivisión geográfica |
Espanya |
| 9 (RLIN) |
2077 |
| 650 #7 - PUNTO DE ACCESO ADICIONAL DE MATERIA - TÉRMINO DE MATERIA |
| Término de materia o nombre geográfico como elemento inicial |
Medi ambient |
| Subdivisión de materia general |
Protecció |
| Subdivisión geográfica |
Espanya. |
| Fuente del encabezamiento o término |
lemac |
| 700 1# - PUNTO DE ACCESO ADICIONAL - NOMBRE DE PERSONA |
| Nombre de persona |
Cerrillo, Antonio, |
| 830 #0 - PUNTO DE ACCESO ADICIONAL DE SERIE - TÍTULO UNIFORME |
| Título uniforme |
Antrazyt ; |
| Designación de volumen o secuencia |
543 |
| 830 #0 - PUNTO DE ACCESO ADICIONAL DE SERIE - TÍTULO UNIFORME |
| Título uniforme |
Antrazyt. |
| Nombre de parte o sección de la obra |
Ecología |
| 908 ## - CONTROL DE PARÁMETROS (RLIN) |
| Parametro de comando lanzado |
URV |
| -- |
UOC |
| 940 ## - |
| T&íacute;tulo uniforme |
<a href="CVA27">CVA27</a> |
| 942 ## - ENTRADA DE ELEMENTOS AGREGADOS (KOHA) |
| Fuente de clasificaión o esquema |
|
| Koha [por defecto] tipo de item |
Monografies |